[Event "GER-ch U16 Girls"]
[Site "Oberhof"]
[Date "2010.05.24"]
[Round "3"]
[White "Harder, Anne"]
[Black "Zeller, Elisa"]
[Result "1/2-1/2"]
[WhiteElo "1719"]
[BlackElo "1708"]
[PlyCount "47"]
[EventDate "2010.05.22"]
[EventType "swiss"]
[EventRounds "9"]
[EventCountry "GER"]
[SourceTitle "CBM 136 Extra"]
[Source "ChessBase"]
[SourceDate "2010.07.02"]
[SourceVersion "2"]
[SourceVersionDate "2010.07.15"]
[SourceQuality "1"]

1. e4 d6 2. d4 Nf6 3. Nc3 g6 4. g3 Bg7 5. Bg2 Nbd7 6. Nge2 c5 7. dxc5 Nxc5 8. 0-0 0-0 9. h3 Rb8 10. a4 b6 11. f4 Bb7 12. e5 dxe5 13. Qxd8 Rfxd8 14. Bxb7 Rxb7 15. fxe5 Nfd7 16. b4 Ne6 17. Nf4 Nxe5 18. Nxe6 fxe6 19. Rb1 Nc4 20. Ne4 Rbd7 21. Rb3 Rd1 22. Rbf3 Rxf1+ 23. Rxf1 Nd6 24. Ng5 1/2-1/2

[Event "Nuremberg Zabo op 11th"]
[Site "Nuremberg"]
[Date "2009.09.19"]
[Round "3"]
[White "Corral, Carlos"]
[Black "Harder, Anne"]
[Result "1/2-1/2"]
[WhiteElo "1905"]
[BlackElo "1634"]
[PlyCount "29"]
[EventDate "2009.09.18"]
[EventType "swiss"]
[EventRounds "5"]
[EventCountry "GER"]
[SourceTitle "EXT 2012"]
[Source "ChessBase"]
[SourceDate "2011.11.24"]
[SourceVersion "1"]
[SourceVersionDate "2011.11.24"]
[SourceQuality "1"]

1. e4 c5 2. Nf3 Nc6 3. Nc3 g6 4. d4 cxd4 5. Nxd4 Bg7 6. Be3 Nf6 7. Nxc6 bxc6 8. e5 Ng8 9. f4 d6 10. Bc4 Nh6 11. exd6 exd6 12. Bd4 0-0 13. Bxg7 Kxg7 14. Qd4+ Kg8 15. 0-0-0 1/2-1/2

[Event "Nuremberg LGA Cup 6th"]
[Site "Nuremberg"]
[Date "2009.09.06"]
[Round "7"]
[White "Deinlein, Albert"]
[Black "Harder, Anne"]
[Result "1/2-1/2"]
[WhiteElo "1942"]
[BlackElo "1623"]
[PlyCount "40"]
[EventDate "2009.09.03"]
[EventType "swiss"]
[EventRounds "7"]
[EventCountry "GER"]
[SourceTitle "CBM 132 Extra"]
[Source "ChessBase"]
[SourceDate "2009.11.03"]
[SourceVersion "1"]
[SourceVersionDate "2009.11.03"]
[SourceQuality "1"]

1. e4 c5 2. Nf3 Nc6 3. d4 cxd4 4. Nxd4 g6 5. Nxc6 bxc6 6. Qd4 f6 7. Bc4 Bg7 8. Qd3 e6 9. 0-0 Ne7 10. Qd6 0-0 11. Rd1 Qe8 12. Be3 f5 13. f3 Rf7 14. Nc3 Bf8 15. Bd4 fxe4 16. fxe4 Nf5 17. Qe5 Bg7 18. exf5 Bxe5 19. Bxe5 Rxf5 20. Ne4 Qd8 1/2-1/2

[Event "GER-ch U16 Girls"]
[Site "Willingen"]
[Date "2009.06.04"]
[Round "7"]
[White "Groemping, Carolin"]
[Black "Harder, Anne"]
[Result "1/2-1/2"]
[WhiteElo "1475"]
[BlackElo "1598"]
[PlyCount "40"]
[EventDate "2009.05.30"]
[EventType "swiss"]
[EventRounds "9"]
[EventCountry "GER"]
[SourceTitle "EXT 2010"]
[Source "ChessBase"]
[SourceDate "2010.11.25"]
[SourceVersion "1"]
[SourceVersionDate "2010.11.25"]
[SourceQuality "1"]

1. e4 c5 2. Nc3 g6 3. f4 e6 4. Nf3 Bg7 5. d3 Nc6 6. g3 Nge7 7. Bg2 0-0 8. 0-0 d5 9. Ne2 b5 10. g4 a5 11. Ng3 f5 12. gxf5 exf5 13. e5 Qb6 14. Kh1 b4 15. h4 Nd8 16. Ng5 a4 17. Qe2 Ne6 18. Nf3 Bh6 19. Ng1 Bb7 20. Qd2 Rad8 1/2-1/2

[Event "GER-ch U16 Girls"]
[Site "Willingen"]
[Date "2009.06.02"]
[Round "5"]
[White "Velina, Valeria"]
[Black "Harder, Anne"]
[Result "0-1"]
[WhiteElo "1782"]
[BlackElo "1598"]
[PlyCount "58"]
[EventDate "2009.05.30"]
[EventType "swiss"]
[EventRounds "9"]
[EventCountry "GER"]
[SourceTitle "EXT 2010"]
[Source "ChessBase"]
[SourceDate "2010.11.25"]
[SourceVersion "1"]
[SourceVersionDate "2010.11.25"]
[SourceQuality "1"]

1. e4 c5 2. Nf3 Nc6 3. d4 cxd4 4. Nxd4 g6 5. Be3 Bg7 6. Bc4 Nf6 7. Nc3 0-0 8. Bb3 Ng4 9. Qxg4 Nxd4 10. 0-0 Nxb3 11. axb3 d5 12. Qf3 d4 13. Rfd1 Qb6 14. Na4 Qd6 15. Nc3 Qc5 16. Na4 Qxc2 17. Bxd4 Bxd4 18. Rxd4 b5 19. Qc3 Qe2 20. Nb6 b4 21. Rxb4 axb6 22. Re1 Qa6 23. h3 Be6 24. Qd4 Rfd8 25. Qe3 Rab8 26. Rc1 Qd3 27. Qe1 Qd2 28. Qxd2 Rxd2 29. Rb1 Rd3 0-1

[Event "GER-chT U14 Girls"]
[Site "Dittrichshuette"]
[Date "2008.12.29"]
[Round "6.2"]
[White "Tran, My Linh"]
[Black "Harder, Anne"]
[Result "1-0"]
[WhiteElo "1759"]
[BlackElo "1508"]
[PlyCount "89"]
[EventDate "2008.12.27"]
[EventType "team-swiss"]
[EventRounds "7"]
[EventCountry "GER"]
[SourceTitle "EXT 2010"]
[Source "ChessBase"]
[SourceDate "2010.11.25"]
[SourceVersion "1"]
[SourceVersionDate "2010.11.25"]
[SourceQuality "1"]
[WhiteTeam "Rossdorf"]
[BlackTeam "Erlangen"]
[WhiteTeamCountry "GER"]
[BlackTeamCountry "GER"]

1. e4 c5 2. Nf3 Nc6 3. d4 cxd4 4. Nxd4 g6 5. Nc3 Bg7 6. Be3 Nf6 7. Bc4 0-0 8. Bb3 Qa5 9. f3 d6 10. Qd2 Bd7 11. 0-0-0 Rfc8 12. Kb1 Ne5 13. g4 Nc4 14. Bxc4 Rxc4 15. h4 h5 16. gxh5 Nxh5 17. Nb3 Qd8 18. Bd4 a5 19. Bxg7 Kxg7 20. Rhg1 Nf6 21. Qg5 a4 22. Nd4 Ra5 23. Nd5 e6 24. Qxf6+ Qxf6 25. Nxf6 Kxf6 26. Ne2 Ke7 27. Rg5 Rac5 28. c3 Rxg5 29. hxg5 e5 30. Kc2 b5 31. b3 Rc8 32. Nc1 b4 33. c4 a3 34. Nd3 Rb8 35. Kd2 f5 36. gxf6+ Kxf6 37. Rg1 g5 38. Ke3 Bh3 39. c5 dxc5 40. Nxc5 Rc8 41. Nd3 Rh8 42. Rc1 Be6 43. Rc6 Rc8 44. Rxc8 Bxc8 45. Nxb4 1-0

[Event "GER-chT U14 Girls"]
[Site "Dittrichshuette"]
[Date "2008.12.28"]
[Round "4.2"]
[White "Stoll, Katja"]
[Black "Harder, Anne"]
[Result "0-1"]
[WhiteElo "1389"]
[BlackElo "1508"]
[PlyCount "88"]
[EventDate "2008.12.27"]
[EventType "team-swiss"]
[EventRounds "7"]
[EventCountry "GER"]
[SourceTitle "EXT 2010"]
[Source "ChessBase"]
[SourceDate "2010.11.25"]
[SourceVersion "1"]
[SourceVersionDate "2010.11.25"]
[SourceQuality "1"]
[WhiteTeam "Vaterstetten"]
[BlackTeam "Erlangen"]
[WhiteTeamCountry "GER"]
[BlackTeamCountry "GER"]

1. e4 c5 2. Nf3 Nc6 3. d4 cxd4 4. Nxd4 g6 5. Nc3 Bg7 6. Be3 Nf6 7. Bb5 0-0 8. Qd2 a6 9. Bc4 Ne5 10. Bd3 Nxd3+ 11. cxd3 d5 12. f3 e5 13. Nce2 exd4 14. Bg5 dxe4 15. fxe4 Qb6 16. h4 h5 17. Nf4 Bg4 18. Bxf6 Qxf6 19. Rc1 Bh6 20. g3 Rac8 21. Kf2 Rxc1 22. Rxc1 Rc8 23. Rxc8+ Bxc8 24. Kg2 Bg4 25. Qf2 Bxf4 26. gxf4 Be6 27. b3 Bd7 28. Kf3 Bg4+ 29. Kg2 b5 30. Kf1 Qd8 31. Ke1 Qa5+ 32. Kf1 Qc3 33. Qe1 Qxd3+ 34. Kg1 Qe3+ 35. Qxe3 dxe3 36. Kf1 f6 37. f5 gxf5 38. exf5 Kf7 39. a3 Ke7 40. b4 Kd6 41. Kg2 Kd5 42. Kf1 Kd4 43. Ke1 Kd3 44. Kf1 Kd2 0-1

[Event "Nuremberg LGA Cup 5th"]
[Site "Nuremberg"]
[Date "2008.09.04"]
[Round "1.77"]
[White "Harder, Anne"]
[Black "Jussupow, Ekaterina"]
[Result "0-1"]
[WhiteElo "1505"]
[BlackElo "2114"]
[PlyCount "60"]
[EventDate "2008.09.04"]
[EventType "swiss"]
[EventRounds "7"]
[EventCountry "GER"]
[SourceTitle "EXT 2022"]
[Source "ChessBase"]
[SourceDate "2021.10.06"]
[SourceVersion "1"]
[SourceVersionDate "2021.10.06"]
[SourceQuality "1"]

1. e4 e5 2. Bc4 Bc5 3. Nf3 Nc6 4. d3 d6 5. 0-0 Nf6 6. c3 a6 7. Bb3 Ba7 8. Re1 0-0 9. h3 h6 10. Nbd2 Nh5 11. Nf1 Qf6 12. Be3 Re8 13. Bxa7 Rxa7 14. d4 Nf4 15. Ng3 Ra8 16. Ne2 Nxh3+ 17. Kf1 Nf4 18. Nxf4 Qxf4 19. Qd3 Bg4 20. Re3 Rac8 21. Bd1 Ne7 22. Ng1 Ng6 23. g3 Qg5 24. Bxg4 Qxg4 25. Ke1 Nf4 26. Qf1 exd4 27. cxd4 Ne6 28. Ne2 c5 29. f3 Qg5 30. d5 Qxe3 0-1